Arab in America. (Record no. 16200)
[ view plain ]
| 000 -LEADER | |
|---|---|
| fixed length control field | 00553nam a2200217Ia 4500 |
| 001 - CONTROL NUMBER | |
| control field | AUWbook014930 |
| 003 - CONTROL NUMBER IDENTIFIER | |
| control field | BDCtgAUW |
| 005 - DATE AND TIME OF LATEST TRANSACTION | |
| control field | 20260407100700.0 |
| 008 - FIXED-LENGTH DATA ELEMENTS--GENERAL INFORMATION | |
| fixed length control field | 220908s9999 xx 000 0 eng d |
| 020 ## - INTERNATIONAL STANDARD BOOK NUMBER | |
| International Standard Book Number | 9780867195973 |
| 040 ## - CATALOGING SOURCE | |
| Original cataloging agency | BDCtgAUW |
| Transcribing agency | BDCtgAUW |
| 050 ## - LIBRARY OF CONGRESS CALL NUMBER | |
| Classification number | PN6790.E4 |
| 100 1# - MAIN ENTRY--PERSONAL NAME | |
| Personal name | El Rassi, Toufic., |
| Relator term | author. |
| 9 (RLIN) | 49027 |
| 245 #0 - TITLE STATEMENT | |
| Title | Arab in America. |
| 260 ## - PUBLICATION, DISTRIBUTION, ETC. | |
| Place of publication, distribution, etc. | San Francisco : |
| Name of publisher, distributor, etc. | Last Gasp, |
| Date of publication, distribution, etc. | 2007. |
| 300 ## - PHYSICAL DESCRIPTION | |
| Extent | 117 pages. |
| 650 #0 - SUBJECT ADDED ENTRY--TOPICAL TERM | |
| Topical term or geographic name entry element | Arab Americans. |
| 9 (RLIN) | 49028 |
| 650 #0 - SUBJECT ADDED ENTRY--TOPICAL TERM | |
| Topical term or geographic name entry element | Comic books. |
| 887 ## - NON-MARC INFORMATION FIELD | |
| Source of data | 2982 |
| Content of non-MARC field | BRAC |
| 888 ## - | |
| -- | 2982 |
No items available.